| 000 | 00877nam a2200301Ia 4500 | ||
|---|---|---|---|
| 001 | Z_4188 | ||
| 003 | CHAP | ||
| 008 | 220113s2=00 xx 000 0 und d | ||
| 010 | _a167251 | ||
| 040 | _cCHAP | ||
| 090 | _aTesis T 1617 | ||
| 100 |
_aTerán García, Orville _9112374 |
||
| 245 |
_aInseminación intrauterina con semen refrigerado en ovejas Suffolk / _cpor Orville Terán García |
||
| 260 |
_aChapingo, Méx. : _bEl autor, _c2002 |
||
| 300 | _a55 h. | ||
| 502 | _aTesis (Ing. Agr. Esp. en Zootecnia) -- UACH. Departamento de Zootecnia | ||
| 650 |
_aFecundidad _939907 |
||
| 650 |
_aGanado Suffolk _945424 |
||
| 650 |
_aInseminación artificial _958964 |
||
| 650 |
_aSemen _xCongelación _9103857 |
||
| 650 |
_aSemen _xGanado lanar _9103863 |
||
| 901 | _aTESIS T 1617 | ||
| 902 | _aM | ||
| 910 | _a2=00 | ||
| 942 | _c2 | ||
| 942 | _c2 | ||
| 999 |
_c167251 _d167251 |
||